000 00596nam a22001937a 4500
999 _c15128
_d15128
003 AR-CdUCM
008 190425b ||||| |||| 00| 0 spa d
020 _a978-968-16-5423-8
040 _aMUNICIPALIDAD PROVINCIAL DEL CUSCO
_cBIBLIOTECA MUNICIPAL DEL CUSCO
082 _aPI / 376.1 /
_bE23
245 _aVida de Perros Isol /
260 _aMéxico :
_bFondo de cultura económica,
_c2016.
300 _bIlustraciones,
_c22 cm.
650 _aTexto infantil
_929090
650 _aCuento
_94671
700 _aDaniel Goldin (editor )
_934151
942 _2ddc
_cLIBROS
945 _arjall
_d2019-04-25